Normal view
MARC view
- Architecture
Entry Topical Term
001 - CONTROL NUMBER
- control field: 123232
003 - CONTROL NUMBER IDENTIFIER
- control field: NUST
005 - DATE AND TIME OF LATEST TRANSACTION
- control field: 20240605092139.0
008 - FIXED-LENGTH DATA ELEMENTS
- fixed length control field: 240605|| aca||aabn | a|a d
040 ## - CATALOGING SOURCE
- Original cataloging agency: NUST
- Transcribing agency: NUST
150 ## - HEADING--TOPICAL TERM
- Topical term or geographic name entry element: Architecture
- General subdivision: Conservation and restoration
- General subdivision: Technique
670 ## - SOURCE DATA FOUND
- Source citation: Work cat.: (NUST)0: Weaver, Martin E., 1938- 123231, Conserving buildings :, c1997.
